Effect of amprolin-300ws for eimeria's anti parasitic on cattle at bati district, takeo province; ប្រសិទ្ធភាពនៃAmprolin -300ws ក្នុងការទម្លាក់Coccodia (Eimeria) លើគោនៅក្នុងស្រុកបាទី ខេត្តតាកែវ (Record no. 10566)

000 -LEADER
fixed length control field 00620nam a22001337a 4500
040 ## - CATALOGING SOURCE
Transcribing agency RUA
082 ## - DEWEY DECIMAL CLASSIFICATION NUMBER
Classification number VEM MEN 2015 B517 Or.1
100 ## - MAIN ENTRY--AUTHOR NAME
Personal name MENG LIHENG; ម៉េង លីហេង
245 ## - TITLE STATEMENT
Title Effect of amprolin-300ws for eimeria's anti parasitic on cattle at bati district, takeo province; ប្រសិទ្ធភាពនៃAmprolin -300ws ក្នុងការទម្លាក់Coccodia (Eimeria) លើគោនៅក្នុងស្រុកបាទី ខេត្តតាកែវ
260 ## - PUBLICATION, DISTRIBUTION, ETC. (IMPRINT)
Place of publication Phnom Penh
Name of publisher RUA
Year of publication 2015
300 ## - PHYSICAL DESCRIPTION
Number of Pages x; 44p;
Other physical details ill;
Dimensions 29cm;
856 ## - ELECTRONIC LOCATION AND ACCESS
Uniform Resource Identifier MENG LIHENG
942 ## - ADDED ENTRY ELEMENTS (KOHA)
Koha item type VEM
952 ## - LOCATION AND ITEM INFORMATION (KOHA)
Withdrawn status [LOCAL, KOHA] 0
952 ## - LOCATION AND ITEM INFORMATION (KOHA)
Withdrawn status [LOCAL, KOHA] 0
952 ## - LOCATION AND ITEM INFORMATION (KOHA)
Withdrawn status [LOCAL, KOHA] 0
952 ## - LOCATION AND ITEM INFORMATION (KOHA)
Withdrawn status [LOCAL, KOHA] 0
952 ## - LOCATION AND ITEM INFORMATION (KOHA)
Withdrawn status [LOCAL, KOHA] 0
952 ## - LOCATION AND ITEM INFORMATION (KOHA)
Withdrawn status [LOCAL, KOHA] 0
952 ## - LOCATION AND ITEM INFORMATION (KOHA)
Withdrawn status [LOCAL, KOHA] 0
952 ## - LOCATION AND ITEM INFORMATION (KOHA)
Withdrawn status [LOCAL, KOHA] 0
952 ## - LOCATION AND ITEM INFORMATION (KOHA)
Withdrawn status [LOCAL, KOHA] 0
952 ## - LOCATION AND ITEM INFORMATION (KOHA)
Withdrawn status [LOCAL, KOHA] 0
952 ## - LOCATION AND ITEM INFORMATION (KOHA)
Withdrawn status [LOCAL, KOHA] 0
Holdings
Permanent Location Date acquired Koha item type Lost status Shelving location Barcode Current Location Full call number
Library Block B2016-10-27VEM B517A00588Library Block BVEM MEN 2015 B517 Or.1
Library Block B2016-10-27VEM B517A00923Library Block BVEM MEN 2015 B517 Or.2
Library Block B2016-10-27VEM B517A02686Library Block BVEM MEN 2015 B517 Or.3
Library Block B2016-10-27VEM B517A01512Library Block BVEM MEN 2015 B517 Or.4
Library Block B2016-10-27VEM B517A01840Library Block BVEM MEN 2015 B517 Or.5
Library Block B2016-10-27VEM B517A02415Library Block BVEM MEN 2015 B517 Or.6
Library Block B2016-10-27VEM B517A00130Library Block BVEM MEN 2015 B517 Or.7
Library Block B2016-10-27VEM B517A00224Library Block BVEM MEN 2015 B517 Or.8
Library Block B2021-12-15VEM B676A066600Library Block BVEM MEN 2015 B676 Or.1
Library Block B2021-12-15VEM B676A066424Library Block BVEM MEN 2015 B676 Or.1
Library Block B2021-12-15VEM B676A066660Library Block BVEM MEN 2015 B676 Or.1
មជ្ឈមណ្ឌលឯការនៃសាកលវិទ្យាល័យភូមិន្ទកសិកម្មចំការដូង

Powered by Koha